01011nam a2200217 a 450000500170000000800410001702000150005804100080007309200190008110000310010024500760013125000420020726000890024930000250033850001610036365300160052465300280054094200120056899900150058095201980059520240506112547.0100708t2005||||sp a g |||| 00| 0 spa d a9509647683 aspa c610.03l3sANT1 aAntón, Sebastián93751 aDiccionario Historia de la Medicina.bFasc.1 A-B /cSebastián Antón a1a ed.bTraducción Gerardo E. Laube aBuenos Aires:bEditorial Anejo Producciones ; The Parthenon Publishing Group;c2005. a1-154 p. c30x22 cm. aAntón, S. (2005). Diccionario Historia de la medicina. Fasc.1 A-B. (1a ed.). Buenos Aires : Editorial Anejo Producciones ; The Parthenon Publishing Group. aDiccionario aHistoria de la Medicina 2ddccBK c2162d2162 00102ddc4070aBFMbBFMcCRd2015-05-28eDonacion Griselda Saulino, Mayo 2015l0o610.03 3 ANTp3488r2015-05-28tEj.1w2015-05-28yBKzHemeroteca 2022. Donacion Griselda Saulino, Mayo 2015f